000
00289nam a22001337a 4500
008
181009b xxu||||| |||| 00| 0 eng d
020
_a
9780135142929
041
_a
eng
080
_a
620
100
_a
26
101
_a
MEK
245
_a
Electric Circuits
_c
Nilsson,J.W
942
_2
udc
_c
BK
999
_c
49192
_d
49192